All Mariana's Trench Songs - Statistics

General Stats
  • This quiz has been taken 8 times
  • The average score is 43 of 81
Answer Stats
Album Songs % Correct
Haven
100%
Toy Soldiers
100%
All To Myself
83%
Astoria Astoria
83%
Beside You
83%
Ever After Ever After
83%
Fallout
83%
Haven't Had Enough
83%
Shake Tramp
83%
Stutter
83%
Celebrity Status
67%
Cross My Heart
67%
Decided to Break It
67%
Desperate Measures
67%
Down To You
67%
Glimmer
67%
Good To You
67%
Hospital Bells
67%
Lightning And Thunder
67%
Lover Dearest
67%
Masterpiece Theatre Masterpiece Theatre I
67%
Masterpiece Theatre II
67%
Masterpiece Theatre III
67%
No Place Like Home
67%
One Love
67%
Perfect
67%
Something Old/ Something New POP 101
67%
Porcelain
67%
Singles Rhythm Of Your Heart
67%
September
67%
Shut Up and Kiss Me
67%
The Killing Kind
67%
This Means War
67%
Truth or Dare
67%
Who Do You Love
67%
Wildfire
67%
Yesterday
67%
Acadia
50%
Alibis
50%
And So It Goes
50%
Haven A Normal Life
50%
B Team
50%
By Now
50%
Dearly Departed
50%
Echoes of You
50%
Phantoms Eleonora
50%
I'm Not Getting Better
50%
Only the Lonely Survive
50%
Push
50%
Remember Me By
50%
Sing Sing
50%
Skin and Bones
50%
Stand And Fight
50%
The Death of Me
50%
Turn And Run
50%
Vertigo
50%
Worlds Collide
50%
Your Ghost
50%
Ancient History
33%
Don't Miss Me?
33%
Far From Here
33%
Forget Me Not
33%
Here's To The Zeros
33%
I Knew You When
33%
Into The Storm
33%
Low
33%
Nights Like These
33%
Primetime
33%
Fix Me Say Anything
33%
Sicker Things
33%
So Soon
33%
While We're Young
33%
Alive Again
17%
And Straight on Til' Morning
17%
August Burns Red
17%
Burning Up
17%
End of An Era
17%
Hollywood Renaissance
17%
Never Say Die
17%
Now Or Never
17%
Wish You Were Here
17%
No matching quizzes found
Score Distribution
Percent of People with Each Score
Percentile by Number Answered
Your Score History
You have not taken this quiz